[Event "Czechia KP-chTB 0607"]
[Site "Czech Republic"]
[Date "2007.04.01"]
[Round "11.1"]
[White "Skacel, Jan"]
[Black "Valenta, Zdenek"]
[Result "1/2-1/2"]
[WhiteElo "2083"]
[BlackElo "2058"]
[PlyCount "22"]
[EventDate "2006.10.29"]
[EventType "team"]
[EventRounds "11"]
[EventCountry "CZE"]
[SourceTitle "EXT 2008"]
[Source "ChessBase"]
[SourceDate "2007.11.25"]
[SourceVersion "1"]
[SourceVersionDate "2007.11.25"]
[SourceQuality "1"]
[WhiteTeam "Benesov"]
[BlackTeam "Lysa nad Labem"]
[WhiteTeamCountry "CZE"]
[BlackTeamCountry "CZE"]

1. c4 Nf6 2. g3 e6 3. Bg2 d5 4. Nf3 c6 5. b3 Nbd7 6. 0-0 Bd6 7. d4 0-0 8. Bb2 Re8 9. Nc3 b6 10. Re1 Bb7 11. Qc2 c5 1/2-1/2

[Event "CZE-chT2c 0607"]
[Site "Czech Republic"]
[Date "2007.01.14"]
[Round "6.8"]
[White "Lastovka, Jan"]
[Black "Valenta, Zdenek"]
[Result "1-0"]
[WhiteElo "2110"]
[BlackElo "2058"]
[PlyCount "93"]
[EventDate "2006.10.15"]
[EventType "team"]
[EventRounds "11"]
[EventCountry "CZE"]
[SourceTitle "EXT 2008"]
[Source "ChessBase"]
[SourceDate "2007.11.25"]
[SourceVersion "1"]
[SourceVersionDate "2007.11.25"]
[SourceQuality "1"]
[WhiteTeam "Liberec"]
[BlackTeam "Lysa nad Labem"]
[WhiteTeamCountry "CZE"]
[BlackTeamCountry "CZE"]

1. e4 d5 2. exd5 Qxd5 3. Nc3 Qa5 4. d4 Nf6 5. Nf3 Bf5 6. Bd2 c6 7. Bc4 Qc7 8. Ne5 e6 9. Qe2 Nbd7 10. Bf4 Bd6 11. 0-0 0-0-0 12. Bg3 Nb6 13. Bb3 h5 14. h3 Nfd5 15. Ne4 Bxe4 16. Qxe4 f5 17. Qe2 h4 18. Bh2 Nd7 19. Rfe1 Rde8 20. c4 N5f6 21. Qd3 Ne4 22. f4 g5 23. c5 Bxe5 24. fxe5 Nf8 25. Bc2 Rd8 26. Qe3 Ng3 27. Bxg3 hxg3 28. Qxg3 Rxd4 29. Qxg5 Rd5 30. Qf6 Rg8 31. Bb3 Rd8 32. Bxe6+ Nxe6 33. Qxe6+ Kb8 34. Rad1 Qa5 35. Qc4 Kc7 36. e6 Rd5 37. b4 Rxd1 38. Rxd1 Qa3 39. Rd7+ Kc8 40. Qf4 Qg3 41. Rc7+ Kb8 42. Qxg3 Rxg3 43. Rf7 Re3 44. e7 Kc8 45. Kf2 Re6 46. Rf8+ Kd7 47. e8Q+ 1-0

[Event "CZE-chT3A Middle 0506  "]
[Site "Czech Republic"]
[Date "2006.05.03"]
[Round "9.2"]
[White "Gutman, Petr"]
[Black "Valenta, Zdenek"]
[Result "1/2-1/2"]
[WhiteElo "2124"]
[BlackElo "2018"]
[PlyCount "91"]
[EventDate "2005.10.30"]
[EventType "team"]
[EventRounds "11"]
[EventCountry "CZE"]
[SourceTitle "EXT 2009"]
[Source "ChessBase"]
[SourceDate "2008.11.26"]
[SourceVersion "1"]
[SourceVersionDate "2008.11.26"]
[SourceQuality "1"]

1. c4 Nf6 2. Nc3 e6 3. e4 d5 4. cxd5 exd5 5. e5 d4 6. exf6 dxc3 7. Qe2+ Be6 8. dxc3 Qxf6 9. Nf3 Nc6 10. Ng5 0-0-0 11. Nxe6 Re8 12. Be3 Qxe6 13. Qc4 Qxc4 14. Bxc4 Bc5 15. Bxf7 Re7 16. Bh5 Bxe3 17. fxe3 Rxe3+ 18. Kf2 Re5 19. Bg4+ Kb8 20. Rhe1 a5 21. Rad1 Rxe1 22. Rxe1 Rd8 23. Bf3 Rd2+ 24. Re2 Rxe2+ 25. Bxe2 Kc8 26. Ke3 Kd7 27. Bd3 h6 28. Bb5 Kd6 29. Bxc6 Kxc6 30. Ke4 Kd6 31. Kf5 Ke7 32. Kg6 Kf8 33. b4 axb4 34. cxb4 b5 35. h4 Kg8 36. Kf5 Kf7 37. Ke5 Ke7 38. Kd5 Kd7 39. Kc5 c6 40. h5 Kc7 41. Kd4 Kd6 42. g4 Ke6 43. Ke4 Kf6 44. Kf4 g5+ 45. Ke4 Ke6 46. Kd4 1/2-1/2

[Event "CZE-chT3A Middle 0506  "]
[Site "Czech Republic"]
[Date "2006.03.19"]
[Round "10.1"]
[White "Valenta, Zdenek"]
[Black "Jandourek, Lukas"]
[Result "0-1"]
[WhiteElo "2018"]
[BlackElo "2247"]
[PlyCount "64"]
[EventDate "2005.10.30"]
[EventType "team"]
[EventRounds "11"]
[EventCountry "CZE"]
[SourceTitle "EXT 2009"]
[Source "ChessBase"]
[SourceDate "2008.11.26"]
[SourceVersion "1"]
[SourceVersionDate "2008.11.26"]
[SourceQuality "1"]

1. b3 d5 2. Bb2 c5 3. e3 Nf6 4. Bb5+ Bd7 5. Qe2 e6 6. f4 Bxb5 7. Qxb5+ Qd7 8. Nc3 Be7 9. Nf3 0-0 10. Ne5 Qxb5 11. Nxb5 Nbd7 12. c4 Rfd8 13. Ke2 Nxe5 14. Bxe5 a6 15. Na3 Ne8 16. d3 d4 17. f5 exf5 18. exd4 f6 19. Bg3 Rxd4 20. Rhf1 g6 21. Nc2 Rd7 22. Ne3 Bd6 23. Nd5 Bxg3 24. hxg3 Kf7 25. Nb6 Re7+ 26. Kd2 Rd8 27. Nd5 Red7 28. Rf3 Nc7 29. Nb6 Re7 30. Na4 Re5 31. Raf1 Ne6 32. Nc3 Ng5 0-1